[Event "Titled Tuesday intern op 16th Jul Early"]
[Site "Chess.com INT"]
[Date "2024.07.16"]
[Round "10"]
[White "Looi, Xin Hao"]
[Black "Krzywda, Andrzej"]
[Result "1-0"]
[WhiteElo "2064"]
[BlackElo "2208"]
[PlyCount "131"]
[EventDate "2024.07.16"]
[EventType "swiss (blitz)"]
[EventRounds "11"]
[EventCountry "USA"]
[SourceTitle "EXT 2025"]
[Source "ChessBase"]
[SourceDate "2024.10.14"]
[SourceVersion "1"]
[SourceVersionDate "2024.10.14"]
[SourceQuality "1"]

1. e4 c5 2. Nf3 d6 3. h3 Nf6 4. Nc3 e5 5. Bc4 Be7 6. d3 0-0 7. 0-0 Nc6 8. a4 Be6 9. Nd5 Bxd5 10. exd5 Nb8 11. c3 Nbd7 12. a5 Ne8 13. b4 cxb4 14. cxb4 h6 15. d4 e4 16. Ne1 Bg5 17. Nc2 Rc8 18. Bxg5 Qxg5 19. Ne3 f5 20. Bb5 Nef6 21. f4 Qg3 22. Nxf5 Qc3 23. Ne7+ Kh8 24. Nxc8 Qxc8 25. Rc1 Qd8 26. Qc2 Nxd5 27. Qxe4 N7f6 28. Qg6 a6 29. Bd3 b6 30. Bf5 bxa5 31. Rc8 Ne7 32. Rxd8 Nxg6 33. Rxf8+ Nxf8 34. bxa5 g6 35. Bc8 Nd5 36. Bxa6 Ne3 37. Rb1 Nc2 38. d5 Nd7 39. Bb7 Na3 40. Re1 Nc5 41. a6 Nb5 42. Re8+ Kg7 43. Rd8 Kf7 44. Rxd6 Nxd6 45. a7 Ncxb7 46. a8Q Kf6 47. g4 Kg7 48. Qb8 Kf7 49. Qc7+ Kg8 50. Kf2 Kh8 51. Ke3 Kg8 52. Qb8+ Kg7 53. Kd4 Kf7 54. Qc7+ Kg8 55. Ke5 Kf8 56. Qb8+ Kg7 57. Qxd6 Nxd6 58. Kxd6 Kf6 59. Kc7 h5 60. gxh5 gxh5 61. d6 Kf5 62. d7 Kxf4 63. d8Q Kg3 64. Qg5+ Kh2 65. Qxh5 Kh1 66. Qg4 1-0

[Event "Titled Tuesday intern op 09th Jul Early"]
[Site "Chess.com INT"]
[Date "2024.07.09"]
[Round "5"]
[White "Berezin, Viktor"]
[Black "Looi, Xin Hao"]
[Result "0-1"]
[WhiteElo "1921"]
[BlackElo "2064"]
[PlyCount "48"]
[EventDate "2024.07.09"]
[EventType "swiss (blitz)"]
[EventRounds "11"]
[EventCountry "USA"]
[SourceTitle "EXT 2025"]
[Source "ChessBase"]
[SourceDate "2024.10.14"]
[SourceVersion "1"]
[SourceVersionDate "2024.10.14"]
[SourceQuality "1"]

1. e4 g6 2. d4 Bg7 3. Nc3 a6 4. f4 b5 5. a3 Bb7 6. Nf3 d6 7. Bd3 Nd7 8. 0-0 c5 9. Be3 Ngf6 10. e5 Ng4 11. Qd2 Nxe3 12. Qxe3 cxd4 13. Nxd4 dxe5 14. fxe5 Nxe5 15. Be4 Bxe4 16. Qxe4 Qxd4+ 17. Qxd4 Nf3+ 18. Rxf3 Bxd4+ 19. Kf1 0-0 20. Rd1 e5 21. b3 Rac8 22. Rdd3 Rc6 23. Ke2 Rfc8 24. Kd2 f5 0-1

[Event "Titled Tuesday intern op 09th Jul Early"]
[Site "Chess.com INT"]
[Date "2024.07.09"]
[Round "8"]
[White "Looi, Xin Hao"]
[Black "Fernandez Hernandez, Gerardo"]
[Result "1-0"]
[WhiteElo "2064"]
[BlackElo "2126"]
[PlyCount "69"]
[EventDate "2024.07.09"]
[EventType "swiss (blitz)"]
[EventRounds "11"]
[EventCountry "USA"]
[SourceTitle "EXT 2025"]
[Source "ChessBase"]
[SourceDate "2024.10.14"]
[SourceVersion "1"]
[SourceVersionDate "2024.10.14"]
[SourceQuality "1"]

1. d4 Nf6 2. c4 c5 3. d5 b5 4. cxb5 a6 5. e3 Bb7 6. Nc3 e6 7. dxe6 fxe6 8. Nf3 d5 9. Be2 Bd6 10. 0-0 0-0 11. a4 e5 12. bxa6 Nxa6 13. Nb5 e4 14. Ng5 Be5 15. Ne6 Qb8 16. Nxf8 Bxh2+ 17. Kh1 Kxf8 18. g3 Bxg3 19. fxg3 Qxg3 20. Qe1 Qh3+ 21. Kg1 Re8 22. Rf4 Re5 23. Qh4 Qxh4 24. Rxh4 Rg5+ 25. Kh2 Nb4 26. Bd2 Nc2 27. Rg1 Rxg1 28. Kxg1 d4 29. Nd6 Bd5 30. Bc4 Bxc4 31. Nxc4 dxe3 32. Nxe3 Nd4 33. Kf2 Nf3 34. Rf4 Nxd2 35. Rf5 1-0